Et-turuku's-seniyye fi'l-Âlâti'r-Ruhâniye : (Record no. 67771)
| 000 -BAŞLIK | |
|---|---|
| Sabit Uzunluktaki Kontrol Alanı | 01218nam a22003257a 4500 |
| 001 - KONTROL NUMARASI | |
| Control Dosyası | 0067224 |
| 003 - KONTROL NUMARASI KİMLİĞİ | |
| Kontrol Alanı | KOHA_MİRAKIL |
| 005 - EN SON İŞLEM TARİHİ ve ZAMANI | |
| Kontrol Alanı | 20260207004710.0 |
| 007 - FİZİKSEL TANIM SABİT ALAN - GENEL BİLGİ | |
| Sabit uzunluklu kontrol alanı | ta |
| 008 - SABİT UZUNLUKTAKİ VERİ ÖGELERİ - GENEL BİLGİ | |
| Sabit Alan | 220518b2021 tu a|||gr||||#0|||0|tur | |
| 020 ## - ISBN - ULUSLARARASI STANDART KİTAP NUMARASI | |
| Isbn | 9786052249963 |
| 040 ## - KATALOGLAMA KAYNAĞI | |
| Özgün Kataloglama Kurumu | TR-BiSEU |
| Kataloglama Dili | tur |
| Çeviri Kurumu | TR-BiSEU |
| Açıklama Kuralları | rda |
| 041 0# - DİL KODU | |
| Metin ya da ses kaydının dil kodu | tur |
| -- | ota |
| 044 ## - YAYINLAYAN/ÜRETEN KURULUŞUN ÜLKE KODU | |
| ISO country code | tu |
| 050 ## - SINIFLAMA ve YER NUMARASI | |
| Sınıflama Numarası | TJ144 |
| Yer Numarası | .T35 2021 |
| 100 0# - KİŞİ ADI | |
| Yazar Adı (Kişi adı) | Takiyüddin Er-Râsıd. |
| 245 13 - ESER ADI BİLDİRİMİ | |
| Başlık | Et-turuku's-seniyye fi'l-Âlâti'r-Ruhâniye : |
| Alt Eseradı vb. | olağanüstü aletlerin yapımında şahane yöntemler : |
| -- | çeviri - yorum/ |
| Sorumluluk Bildirimi | Takiyüddin Er-Râsıd ; Takiyüddin Er-Râsıd ; hazırlayanlar Atilla Bir, Mustafa Kaçar, Âdem Akın. |
| 264 #1 - ÜRERİM, YAYIN, DAĞITIM ve TELİF BİLDİRİMİ | |
| Yayın yeri | Ankara : |
| Yayınlayan | Türkiye Bilimler Akademisi (TÜBA) |
| Yayın tarihi | 2021 |
| 300 ## - FİZİKSEL TANIMLAMA | |
| Sayfa, Cilt vb. | 302 sayfa : |
| Diğer fiziki detaylar | resimli, tıpkıbasım ; |
| Boyutları | 25 cm. |
| 336 ## - İÇERİK TÜRÜ | |
| Content type term | metin |
| Content type code | txt |
| Source | rdacontent |
| 337 ## - MEDYA TÜRÜ | |
| Media type term | aracısız |
| Media type code | n |
| Source | rdamedia |
| 338 ## - TAŞIYICI TÜRÜ | |
| Carrier type term | cilt |
| Carrier type code | nc |
| Source | rdacarrier |
| 500 ## - GENEL NOT | |
| Genel Not | Kaynakça ve dizin var. |
| 650 #0 - KONU BAŞLIĞI EK GİRİŞ - KONU TERİMİ | |
| Konusal terim veya coğrafi ad | Makine mühendisliği--1800'den önceki çalışmalar. |
| 9 (RLIN) | 127696 |
| 650 #0 - KONU BAŞLIĞI EK GİRİŞ - KONU TERİMİ | |
| Konusal terim veya coğrafi ad | Mekanik hareketler. |
| 9 (RLIN) | 2111 |
| 650 #0 - KONU BAŞLIĞI EK GİRİŞ - KONU TERİMİ | |
| Konusal terim veya coğrafi ad | Mechanical engineering--Early works to 1800. |
| 9 (RLIN) | 113672 |
| 650 #0 - KONU BAŞLIĞI EK GİRİŞ - KONU TERİMİ | |
| Konusal terim veya coğrafi ad | Mechanical movements. |
| 9 (RLIN) | 2110 |
| 907 ## - LOCAL DATA ELEMENT G, LDG (RLIN) | |
| a | Mühendislik |
| 942 ## - EK GİRİŞ ÖGELERİ (KOHA) | |
| Source of classification or shelving scheme | Library of Congress Classification |
| Koha item type | Book |
| Materyal Türü | Kalıcı Konum | Mevcut Konum | Raf Yeri | Sınıflandırma Kaynağı | Edinim Bilgisi | Ana Konular | Alt Konular | Yer Numarası | Demirbaş Numarası | Fatura Tarihi | Geri Çekilme Durumu | Kayıp Durumu | Hasarlı Durumu | Kredi için değil | Kayıt Tarih | Toplam Ödünçverme | Son Görülme Tarihi | Son Kontrol Tarihi | Genel / Bağış Notu |
|---|---|---|---|---|---|---|---|---|---|---|---|---|---|---|---|---|---|---|---|
| Book | Prof. Dr. Azmi Özcan Kütüphanesi | Prof. Dr. Azmi Özcan Kütüphanesi | Birûni Salonu | Library of Congress Classification | Bağış | TEKNOLOJİ | Makine Mühendisliği ve Makineler | TJ144 .T35 2021 | 0067224 | 02/02/2026 | 18/05/2022 | 05/03/2025 | 05/03/2025 | Genel Bağış |
